Eastern Utah Libraries Catalog: Duchesne, Heber, Roosevelt, & Vernal

Miss Sherman is determined! / (Record no. 412456)

MARC details
000 -LEADER
fixed length control field 02156nam a2200445 i 4500
001 - CONTROL NUMBER
control field in903082258
005 - DATE AND TIME OF LATEST TRANSACTION
control field 20251015112716.0
008 - FIXED-LENGTH DATA ELEMENTS--GENERAL INFORMATION
fixed length control field 251007s2025 nyua c 000 1 eng d
010 ## - LIBRARY OF CONGRESS CONTROL NUMBER
LC control number 2025930202
040 ## - CATALOGING SOURCE
Original cataloging agency TnLvILS
Language of cataloging eng
Transcribing agency TnLvILS
Description conventions rda
020 ## - INTERNATIONAL STANDARD BOOK NUMBER
International Standard Book Number 9780063373983
Qualifying information (hardback)
020 ## - INTERNATIONAL STANDARD BOOK NUMBER
International Standard Book Number 9780063373976
Qualifying information (paperback)
035 ## - SYSTEM CONTROL NUMBER
System control number (OCoLC)1543622472
082 04 - DEWEY DECIMAL CLASSIFICATION NUMBER
Classification number [Fic]
Edition number 23/eng/20251007
100 1# - MAIN ENTRY--PERSONAL NAME
Personal name Gutman, Dan,
Relator term author.
9 (RLIN) 23206
245 10 - TITLE STATEMENT
Title Miss Sherman is determined! /
Statement of responsibility, etc Dan Gutman ; pictures by Jim Paillot.
246 3# - VARYING FORM OF TITLE
Title proper/short title Miss Sherman's determined!
264 #1 - Production, Publication, Distribution, Manufacture, and Copyright Notice.
Place of production, publication, distribution, manufacture New York, NY :
Name of producer, publisher, distributor, manufacturer Harper, an imprint of HarperCollinsPublishers,
Date of production, publication, distribution, manufacture, or copyr [2025]
300 ## - PHYSICAL DESCRIPTION
Extent 105 pages :
Other physical details illustrations ;
Dimensions 22 cm.
336 ## - Content Type
Content type term text
336 ## - Content Type
Content type term still image
337 ## - Media type
Media type term unmediated
338 ## - Carrier type
Carrier type term volume
490 1# - SERIES STATEMENT
Series statement My weirdtastic school ;
Volume number/sequential designation #9
521 1# - TARGET AUDIENCE NOTE
Target audience note 006-010.
520 ## - SUMMARY, ETC.
Summary, etc "Ella Mentry School is welcoming a new student teacher, Miss Sherman, and she's the coolest person that A.J. and his friends have ever met. But Miss Sherman is obsessed with getting likes, clicks, and followers on social media. When a video that Miss Sherman recorded of A.J. goofing off goes viral overnight, the kids want to help her keep their sudden fame going. From strange tightrope walking with bananas to wild pogo tricks, what wacky stunts will make the kids of Ella Mentry School go viral next?"--
-- Provided by publisher.
650 #0 - SUBJECT ADDED ENTRY--TOPICAL TERM
Topical term or geographic name as entry element School children
Form subdivision Juvenile fiction.
9 (RLIN) 5719318
650 #0 - SUBJECT ADDED ENTRY--TOPICAL TERM
Topical term or geographic name as entry element Schools
Form subdivision Juvenile fiction.
650 #0 - SUBJECT ADDED ENTRY--TOPICAL TERM
Topical term or geographic name as entry element Student teachers
Form subdivision Juvenile fiction.
9 (RLIN) 6498479
650 #0 - SUBJECT ADDED ENTRY--TOPICAL TERM
Topical term or geographic name as entry element Social media
Form subdivision Juvenile fiction.
9 (RLIN) 5730665
650 #0 - SUBJECT ADDED ENTRY--TOPICAL TERM
Topical term or geographic name as entry element Fame
Form subdivision Juvenile fiction.
9 (RLIN) 5688097
650 #1 - SUBJECT ADDED ENTRY--TOPICAL TERM
Topical term or geographic name as entry element School children
Form subdivision Fiction.
9 (RLIN) 5719321
650 #1 - SUBJECT ADDED ENTRY--TOPICAL TERM
Topical term or geographic name as entry element Schools
Form subdivision Fiction.
9 (RLIN) 5673727
650 #1 - SUBJECT ADDED ENTRY--TOPICAL TERM
Topical term or geographic name as entry element Student teachers
Form subdivision Fiction.
9 (RLIN) 6523695
650 #1 - SUBJECT ADDED ENTRY--TOPICAL TERM
Topical term or geographic name as entry element Social media
Form subdivision Fiction.
9 (RLIN) 5730663
650 #1 - SUBJECT ADDED ENTRY--TOPICAL TERM
Topical term or geographic name as entry element Fame
Form subdivision Fiction.
9 (RLIN) 5688099
655 #7 - INDEX TERM--GENRE/FORM
Genre/form data or focus term School fiction.
Source of term lcgft
9 (RLIN) 6407078
700 1# - ADDED ENTRY--PERSONAL NAME
Personal name Paillot, Jim,
Relator term illustrator.
9 (RLIN) 49614
800 1# - SERIES ADDED ENTRY--PERSONAL NAME
Personal name Gutman, Dan.
Title of a work My weirdtastic school ;
Volume/sequential designation 9.
9 (RLIN) 6470001
Holdings
Withdrawn status Lost status Source of classification or shelving scheme Damaged status Not for loan Collection code Home library Current library Shelving location Date acquired Source of acquisition Serial Enumeration / chronology Total Checkouts Total Renewals Full call number Barcode Date last seen Date checked out Cost, replacement price Price effective from Koha item type
    Dewey Decimal Classification     Junior Fiction Wasatch County Library Wasatch County Library Main Floor Junior Area 10/23/2025 Ingram #9 My Weirdtastic School 1 1 J Gutman 34301002170829 12/13/2025 11/14/2025 18.99 10/23/2025 BOOK
This project was made possible through a grant from the Institute of Museum and Library Service administered by the Utah State Library Division.

Wasatch County Library

  • 465 East 1200 South, Heber City, Utah 84032
  • Phone 435-654-1511 | Fax 435-654-6456

Hours

  • Monday - Friday 9:30 AM - 8:00 PM
  • Saturday 9:30 AM - 1:30 PM
  • Closed Sundays and Holidays